000 00851nas a2200265 4500
001 BR9204504
003 BR-BrBNA
005 20231205092736.0
007 ta
008 230509b bl.|||p| |||| 00| 00por d
040 _aBR-BrBNA
_bpor
_cBiblioteca Nacional de Agricultura
041 _a(Pt)
072 _aL70
100 1 _aSturion, D.J.
100 1 _aSusko, I.
100 1 _aPippi, N.L.
245 1 _aEficacia do diatrizoato e da iodamida usados como contraste na realizacao de venografia epidural lombo-sacra por via intra-ossea em caes
650 _aCAO
650 _aMEDICAMENTO
650 _aANALISE DE LABORATORIO
650 _aVETERINARIA
773 0 _tRevista do Centro de Ciencias Rurais (Brazil)
_xISSN 0085-5901
_g(Sep 1980), v. 10(3) p. 241-250
_wBR9204504
909 _a202311
_bLúcia
_c55
_dLúcia Elande
942 _2AGRIS
_n0
_cANA
999 _c133831
_d133831